| 000 | 00628nam a22002057a 4500 | ||
|---|---|---|---|
| 003 | OSt | ||
| 005 | 20240924151015.0 | ||
| 008 | 240924b |||||||| |||| 00| 0 eng d | ||
| 020 | _a9789589674994 | ||
| 037 | _bDonación | ||
| 040 |
_aCO-JMCR _bspa _cCO-JMCR _dCO-JMCR _erda |
||
| 041 | 0 | 0 | _aspa |
| 082 | 0 | 4 |
_a918.61 _223 _bR62d |
| 100 | 1 |
_aRivera Ospina, David _9106010 |
|
| 245 | 1 | 3 |
_aLa Amazonia de Colombia / _cDavid Rivera Ospina |
| 260 |
_aCali (Valle, Colombia) _bBanco de Occidente Credencial _c2008 |
||
| 300 |
_a194 páginas _bIlustraciones, Fotografías a color _c33 cm. |
||
| 504 | _aIncluye índice | ||
| 942 |
_cBK _2ddc |
||
| 999 |
_c30828 _d17212 |
||